Mi primer libro de animales / (Registro nro. 37128)

Detalles MARC
000 -CABECERA
Longitud fija campo de control 01085cam a2200289 a 4500
003 - • IDENTIFICADOR DELl NÚMERO DE CONTROL
Identificador del número de control CO-ViMGA
005 - • FECHA Y HORA DE LA ÚLTIMA TRANSACCIÓN
Fecha y hora de la última transacción 20230915233607.0
008 - • CÓDIGOS DE INFORMACIÓN DE LONGITUD FIJA
Códigos de información de longitud fija 070427s2007 ck a jr 00010 spa d
020 ## - • NÚMERO INTERNACIONAL NORMALIZADO PARA LIBROS
Número Internacional Normalizado para Libros (ISBN) 9789583025723
040 ## - FUENTE DE LA CATALOGACIÓN
Centro catalogador de origen CO-ViMGA
Lengua de catalogación spa
Centro transcriptor CO-ViMGA
041 1# - • CÓDIGO DE LENGUA
Código de lengua original ita
082 04 - • NÚMERO DE LA CLASIFICACIÓN DECIMAL DEWEY
Número de clasificación (R) I591.5
Número del ítem B17m
Número de edición 21 ed.
100 1# - • PUNTO DE ACCESO PRINCIPAL-NOMBRE DE PERSONA
Nombre de persona Barsotti, Renzo.
245 10 - • TITULO PROPIAMENTE DICHO
Título Mi primer libro de animales /
Mención de responsabilidad, etc. Renzo Barsotti ; traduccion̤ Gabriela Garcia̕ de la Torre ; ilustraciones Maria̕ Mantovani.
250 ## - • MENCIÓN DE EDICIÓN
Mención de edición Edicion̤ Luisa Noguera Arrieta.
300 ## - • DESCRIPCIÓN FÍSICA
Extensión 40 p. :
Otras características físicas il. ;
Dimensiones 31 cm.
534 ## - • Nota De Versión Original
-- Tit̕ulo original :
Título Il primo libro degil animali.
650 14 - • PUNTO DE ACCESO ADICIONAL DE MATERIA - TÉRMINO DE MATERIA
Término de materia o nombre geográfico como elemento inicial Animales
Subdivisión de materia general Hab̀itos y conducta
-- Literatura infantil.
650 14 - • PUNTO DE ACCESO ADICIONAL DE MATERIA - TÉRMINO DE MATERIA
Término de materia o nombre geográfico como elemento inicial Animales
Subdivisión de materia general Literatura infantil.
650 16 - • PUNTO DE ACCESO ADICIONAL DE MATERIA - TÉRMINO DE MATERIA
Término de materia o nombre geográfico como elemento inicial Mecanismos de defensa (Zoologia̕)
700 12 - • PUNTO DE ACCESO ADICIONAL - NOMBRE DE PERSONA
Nombre de persona Garcia̕ de la Torre, Gabriela,
Fechas asociadas al nombre 1970-,
Término indicativo de función tr.
700 12 - • PUNTO DE ACCESO ADICIONAL - NOMBRE DE PERSONA
Nombre de persona Mantovani, Maria̕,
Término indicativo de función il.
700 12 - • PUNTO DE ACCESO ADICIONAL - NOMBRE DE PERSONA
Nombre de persona Noguera Arrieta, Luisa Margarita,
Término indicativo de función ed.
942 ## - ENTRADA DE ELEMENTOS AGREGADOS (KOHA)
Fuente de clasificaión o esquema Dewey Decimal Classification
Koha [por defecto] tipo de item LIbro
Existencias
Perdido Fuente de clasificación o esquema Estado Físico No para préstamo Forma de adquisición Localización permanente Localización actual Fecha adquisición Préstamos totales Signatura completa Código de barras Fecha última consulta Fecha del precio de reemplazo Tipo de item de Koha Fecha último préstamo
  Dewey Decimal Classification     Sala Infantil Segundo Piso Biblioteca Pública Germán Arciniegas - Villavicencio Biblioteca Pública Germán Arciniegas - Villavicencio 01/21/2020   I591.5 B17m 32996 01/21/2020 01/21/2020 LIbro  
  Dewey Decimal Classification     Sala Infantil Segundo Piso Biblioteca Pública Germán Arciniegas - Villavicencio Biblioteca Pública Germán Arciniegas - Villavicencio 01/21/2020 1 I591.5 B17m 32995 10/11/2021 01/21/2020 LIbro 10/11/2021









Instituto Departamental de Cultura del Meta - Red Departamental de Bibliotecas Públicas del Meta.